000 00614cam a22002051 4500
001 sa 65001664
003 DLC
005 20260227112110.0
008 890504s1962 io 000 0 ind
010 _asa 65001664
035 _a(OCoLC)19656467
040 _aDLC
_cCU
_dMiU
_dDLC
042 _apremarc
050 0 0 _aPL5089.A36
_bD4
100 1 _aAidit, Sobron.
245 1 0 _aDerap revolusi :
_bkumpulan novelette and tjerpen.
260 _a[Djakarta]
_bBagian Penerbitan, Lembaga Kebudajaan Rakjat,
_c[cover 1962]
300 _a188 p. ;
_c18 cm.
651 0 _aIndonesia
_xHistory
_yRevolution, 1945-1949
_vFiction.
999 _c62148
_d62148